Pocity a Moudrost / (Záznam č. 34271)
| 000 -Návěští | |
|---|---|
| Řídící pole kódované 24B | 01233nam a22003617i 4500 |
| 001 - Kontrolní číslo | |
| Řídící pole proměnné | 016020008252065 |
| 003 - Identifikátor kontrolního čísla | |
| Řídící pole proměnné | CZ PrSKC |
| 005 - Datum posledního zpracování | |
| Řídící pole 16B | 20260512151005.0 |
| 008 - Údaje pevné délky | |
| Řídící pole kódované 40B | 260430s2026 xr ||||b |||| 00| 1 cze d |
| 020 ## - ISBN | |
| ISBN | 9788027529223 |
| 040 ## - Zdroj katalogizace-agentura | |
| Agentura původní katalogizace | UOG001 |
| Jazyk katalogizace | cze |
| Agentura upravující záznam | ULG001 |
| Použitá pravidla popisu | rda |
| 041 1# - Kód jazyka | |
| Kód jazyka textu/zvuku, mezititulků | cze |
| Kód jazyka originálu | pol |
| 072 #7 - Kód předmětové kategorie - Konspekt | |
| Předmětová kategorie | 159.93/.94 |
| Zpřesnění předmětové kategorie | Senzorické a motorické funkce. Emoce. Vůle |
| Zdroj předmětové klasifikace | Konspekt |
| 072 #7 - Kód předmětové kategorie - Konspekt | |
| Předmětová kategorie | 0/9-053.2 |
| Zpřesnění předmětové kategorie | Literatura pro děti a mládež (naučná) |
| Zdroj předmětové klasifikace | Konspekt |
| 080 ## - MDT | |
| Klasifikační znak MDT | 159.942 |
| Idetifikátor vydání MDT | MRF |
| 080 ## - MDT | |
| Klasifikační znak MDT | (084.11) |
| Idetifikátor vydání MDT | MRF |
| 080 ## - MDT | |
| Klasifikační znak MDT | (0.053.2) |
| Idetifikátor vydání MDT | MRF |
| 100 1# - Hlavní záhlaví - osobní jméno autora | |
| Osobní jméno | Oziewicz, Tina, |
| Datumy související se jménem | 1971- |
| Kód role | aut |
| 9 (RLIN) | 18411 |
| 240 10 - Unifikovaný název | |
| Unifikovaný název | <a href="Uczucia i mądrość.">Uczucia i mądrość.</a> |
| Jazyk díla | Česky |
| 245 10 - Údaje o názvu | |
| Název | Pocity a Moudrost / |
| Údaj o odpovědností, atd. | Tina Oziewiczová ; ilustrovala Aleksandra Zającová ; přeložila Anna Halfarová |
| 250 ## - Údaje o vydání | |
| Označení vydání | První vydání |
| 264 #1 - Nakladatelské údaje | |
| Místo vydání | Brno : |
| Nakladatel | Host, |
| Rok vydání | 2026 |
| 300 ## - Fyzický popis | |
| Rozsah | 65 nečíslovaných stran : |
| další fyzické údaje | barevné ilustrace ; |
| Rozměry | 26 cm |
| 500 ## - Všeobecná poznámka | |
| Text obecné poznámky | Přeloženo z polštiny |
| 650 07 - Vedlejší věcné záhlaví - věcné téma | |
| Věcné téma | emoce |
| Zdroj záhlaví nebo termínu | czenas |
| 9 (RLIN) | 1779 |
| 655 #7 - Rejstříkový termín - žánr/forma | |
| Žánr/forma či základní termín | obrazové publikace |
| 655 #7 - Rejstříkový termín - žánr/forma | |
| Žánr/forma či základní termín | publikace pro děti |
| 700 1# - Vedlejší záhlaví - osobní jméno autora | |
| Osobní jméno | Zając, Aleksandra, |
| Datumy související se jménem | 1988- |
| Kód role | ill |
| 9 (RLIN) | 18412 |
| 700 1# - Vedlejší záhlaví - osobní jméno autora | |
| Osobní jméno | Halfarová, Anna |
| Kód role | trl |
| 9 (RLIN) | 6221 |
| 710 2# - Vedlejší záhlaví - jméno korporativního autora | |
| Jméno korporace nebo jurisdikce | Host (vydavatelství) |
| Kód role | pbl |
| 910 ## - Údaje o vlastníkovi jednotky (exempláře) | |
| Sigla vlastníka jednotky | ABG508 |
| Stav ztráty | Zdroj klasifikace pro skladování | Stav poškození |
|---|---|---|
| Universal Decimal Classification |